| 000 | 00435cam a2200193 4500 | ||
|---|---|---|---|
| 001 | D12065 | ||
| 008 | 090401t1945 xxu||||| |||| 00| 0 eng d | ||
| 035 | _a(Sirsi) u1037 | ||
| 041 | _aeng | ||
| 100 | _aBaker, T. | ||
| 245 | _aLand and engineering surveying | ||
| 250 | _a29th | ||
| 260 |
_aLondon _bTechnical Press _c1945 |
||
| 350 | _a0 | ||
| 520 | _aShelf 176 | ||
| 700 | _aLeston, G.L. | ||
| 942 | _n0 | ||
| 948 | _c04/03/1997 | ||
| 999 |
_c85616 _d85616 |
||